| 000 | 00764cab a22002055a 4500 | ||
|---|---|---|---|
| 001 | L142217 | ||
| 008 | 080129e20080129xxk f 000 0 eng d | ||
| 035 | _a(Sirsi) u142217 | ||
| 041 | 0 | _aeng | |
| 100 | 1 | _aKennett, Stephen | |
| 245 | 0 | 0 |
_aSpecifier _bflooring |
| 260 | _c2008 | ||
| 490 | 0 |
_aBuilding _v273(8513) 25 January 2008, 68-77(7) |
|
| 520 | _aDiscusses moves to bring flooring products in line with BRE?s environmental rating system and looks at the whole-life costs of slip resistant internal floor finishes. Also contains details of floor covering products and suppliers. | ||
| 590 | _aKA | ||
| 651 | 4 |
_aUnited Kingdom _y |
|
| 690 | _aBUILT ENVIRONMENT-BUILDING ELEMENTS-COMPLETE BUILDING ELEMENTS-FLOORS | ||
| 700 | 1 | _aMayer, Peter | |
| 942 | _n0 | ||
| 999 |
_c79746 _d79746 |
||